Tovaroznalectvo : nepotravinársky tovar e-learningový kurz : portál KEGA 006EU-4/2011

Enregistré dans:
Détails bibliographiques
Auteur principal: Dudeková, Alena, 1986-
Collectivité auteur: Obchodná fakulta EU. Katedra tovaroznalectva a kvality tovaru
Autres auteurs: Knošková, Ľubica, 1965-
Format: Livre
Langue:slovaque
Publié: Bratislava 2014
Sujets:
Tags: Ajouter un tag
Pas de tags, Soyez le premier à ajouter un tag!

MARC

LEADER 00000nam a2200000 4500
001 0199951
005 20240530102009.4
041 0 |a slo 
044 |a SK 
245 1 0 |a Tovaroznalectvo : nepotravinársky tovar  |b e-learningový kurz : portál KEGA 006EU-4/2011  |c Alena Dudeková, Ľubica Knošková 
264 1 |a Bratislava  |c 2014 
300 |a [4 s.] 
610 2 0 |a tovaroznalectvo 
610 2 0 |a tovar spotrebný 
610 2 0 |a kovy drahé 
100 1 |a Dudeková, Alena, 1986- 
700 1 |a Knošková, Ľubica, 1965- 
710 2 |a Obchodná fakulta EU. Katedra tovaroznalectva a kvality tovaru